Quick Pick: Band Lineups Quiz Stats

Quiz Updated Aug 19, 2016

Challenge
Share
Tweet
Embed
Score 0/16 Timer 01:00
0 Plays Today
% Correct
The Beatles
98.6%
The Rolling Stones
96.9%
ABBA
82.4%
Genesis
74.4%
Queen
72.5%
Spice Girls
71.9%
Pearl Jam
65%
Led Zeppelin
64.9%
% Correct
R.E.M.
61.1%
Pink Floyd
58.1%
ZZ Top
55.9%
Red Hot Chili Peppers
53%
Coldplay
46%
TLC
45.1%
Radiohead
41.3%
The Bangles
40.4%

Today's Daily Dose

Missing Word
1974 Movies A-Z

Word Ladder
The White Album

Quick Pick
Gods of War

On This Day
February 22nd II

You're not logged in!

Compare scores with friends on all Sporcle quizzes.
Sign Up with Email
OR
Log In

You Might Also Like...

Show Comments

Extras

Top Quizzes Today


Score Distribution

Your Account Isn't Verified!

In order to create a playlist on Sporcle, you need to verify the email address you used during registration. Go to your Sporcle Settings to finish the process.